Free-living freshwater protozoa : A colour guide
Wedi'i Gadw mewn:
| Prif Awdur: | |
|---|---|
| Fformat: | Llyfr |
| Iaith: | Undetermined |
| Cyhoeddwyd: |
New York, NY
John Wiley & Sons
1996
|
| Pynciau: | |
| Tagiau: |
Ychwanegu Tag
Dim Tagiau, Byddwch y cyntaf i dagio'r cofnod hwn!
|
| Thư viện lưu trữ: | Trung tâm Học liệu Trường Đại học Cần Thơ |
|---|
| LEADER | 00605nam a2200217Ia 4500 | ||
|---|---|---|---|
| 001 | CTU_68176 | ||
| 008 | 210402s9999 xx 000 0 und d | ||
| 020 | |b 111 | ||
| 082 | |a 593.109169 | ||
| 082 | |b P317 | ||
| 100 | |a Patterson, D. J. | ||
| 245 | 0 | |a Free-living freshwater protozoa : | |
| 245 | 2 | |b A colour guide | |
| 245 | 0 | |c D. J. Patterson | |
| 260 | |a New York, NY | ||
| 260 | |b John Wiley & Sons | ||
| 260 | |c 1996 | ||
| 650 | |a Freshwater protozoa,Freshwater protozoa | ||
| 650 | |x Classification,Identification | ||
| 904 | |i Minh | ||
| 980 | |a Trung tâm Học liệu Trường Đại học Cần Thơ | ||